| 000 | 00328nam a2200121Ia 4500 | ||
|---|---|---|---|
| 008 | 150202s9999 xx 000 0 und d | ||
| 050 |
_aFIC _bFIC |
||
| 100 | _aShaw, Bernard. | ||
| 245 |
_aCaesar and Cloepatra / _cBernard Shaw. |
||
| 260 |
_aUSA : _bPenguin Books, _c1913. |
||
| 300 |
_a136 pages : _c18 cm. |
||
| 650 | _aFiction. | ||
| 999 |
_c282389 _d282389 |
||